UM Logo

Harmonic optimization strategy for CPS-PWM based MMCs under submodule capacitor voltage reduction control / (Record no. 19023)

MARC details
000 -LEADER
fixed length control field 01062nam a22002417a 4500
003 - CONTROL NUMBER IDENTIFIER
control field OSt
005 - DATE AND TIME OF LATEST TRANSACTION
control field 20250911175555.0
008 - FIXED-LENGTH DATA ELEMENTS--GENERAL INFORMATION
fixed length control field 240208b ||||| |||| 00| 0 eng d
040 ## - CATALOGING SOURCE
Transcribing agency 0
082 ## - DEWEY DECIMAL CLASSIFICATION NUMBER
Classification number DPer 621.381 In821 April 2022 v. 37 n. 4
100 ## - MAIN ENTRY--PERSONAL NAME
Personal name Jiang, Huijie.
Relator term author.
9 (RLIN) 51965
245 ## - TITLE STATEMENT
Title Harmonic optimization strategy for CPS-PWM based MMCs under submodule capacitor voltage reduction control /
Statement of responsibility, etc. Huijie Jiang, Fujin Deng, Zheng Wang, Zhixiang Zou, Binbin Li, and Frede Blaabjerg.
260 ## - PUBLICATION, DISTRIBUTION, ETC. (IMPRINT)
Place of publication, distribution, etc. New York ;
Name of publisher, distributor, etc. The Institute of Electrical and Electronics Engineers, Inc. ,
Date of publication, distribution, etc. April 2022.
300 ## - PHYSICAL DESCRIPTION
Extent Volume 37, pages 4288-4300 :
Other physical details illustration ;
Dimensions 28 cm.
500 ## - GENERAL NOTE
General note IEEE Transaction on Power Electronics, vol. 37, no. 4, pages 4288-4300, April 2022.
700 ## - ADDED ENTRY--PERSONAL NAME
Personal name Jiang, Huijie.
Relator term author.
9 (RLIN) 51965
700 ## - ADDED ENTRY--PERSONAL NAME
Personal name Deng, Fujin.
Relator term author.
9 (RLIN) 51966
700 ## - ADDED ENTRY--PERSONAL NAME
Personal name Wang, Zheng.
Relator term author.
9 (RLIN) 51967
700 ## - ADDED ENTRY--PERSONAL NAME
Personal name Zou, Zhixiang.
Relator term author.
9 (RLIN) 51968
700 ## - ADDED ENTRY--PERSONAL NAME
Personal name Li, Binbin.
Relator term author.
9 (RLIN) 51969
700 ## - ADDED ENTRY--PERSONAL NAME
Personal name Blaabjerg, Frede.
Relator term author.
9 (RLIN) 51970
942 ## - ADDED ENTRY ELEMENTS (KOHA)
Source of classification or shelving scheme Dewey Decimal Classification
Koha item type Periodicals
Holdings
Withdrawn status Lost status Source of classification or shelving scheme Damaged status Not for loan Collection code Home library Current library Date acquired Total Checkouts Full call number Date last seen Price effective from Koha item type Public note
    Dewey Decimal Classification     Periodicals UM Digos College - LIC UM Digos College - LIC 02/08/2024   DPer 621.381 In821 April 2022 v. 37 n. 4 02/08/2024 02/08/2024 Periodicals Periodical Article